00901nam a2200205 i 4500001000700000003000900007005001700016007000300033008004100036100004300077245006900120260009800189300002100287500009000308710003900398710005700437852005900494999001900553952012300572125332ES-MaACL20230906192615.0t|070605q19301939sp ||||1| spa d1 aSalazar Mouliáa, Zacarías.910182513aLa explotación del ganado lanar y cabrío / cpor Z. Salazar. a[Madrid] : bMinisterio de Economía Nacional, Dirección General de Agricultura, c[193-?] a86 p. ; c19 cm. aPrecede al tit.: Estación Pecuaria Central, Servicio de Propaganda y Divulgación.2 aEstación Pecuaria Central.940161 aEspaña. bMinisterio de Economía Nacional.93854 aES-MaACLjA-2871(2) q. - Encuadernado con otras obras c125332d125332 00104070aATENEOMbATENEOMcSPP1d2008-01-17eSCl0oA-2871(2)p1130568r2023-02-23 00:00:00w2023-02-23yMONOGRAFIA